Szczegóły MARC21

Kompleksy roślinności i krajobrazy roślinne doliny środkowej Wisły /

003 -Nazwa inst., której nr kontr. jest w polu 001 [,]
    • @
    • Nazwa instytucji, której n kontrolny jest w polu 001
    • NUKAT
005 -DATA I CZAS OSTATNIEJ MODYFIKACJI [,]
    • @
    • pole kontrolne
    • 20241231110239.0
020 -Międzynarod. znormalizowany nr książki - ISBN [ , ]
    • a
    • Numer ISBN
    • 9788361590231 Find
040 -Instytucja sporządzająca opis [ , ]
    • a
    • Instytucja, która sporządziła opis (NP)
    • WA 51/EP
    • c
    • Instytucja, która sporządziła rekord (NP)
    • WA 51/EP
    • d
    • Instytucja, która zmodyfikowała rekord (P)
    • WA U/96hjcs
    • d
    • Instytucja, która zmodyfikowała rekord (P)
    • WA 51/IP
041 -Język dokumentu [0, ]
    • a
    • Język tekstu (P)
    • polski
    • b
    • Język streszczeń lub abstraktu (P)
    • angielski
942 -Rodzaj dokumentu [ , ]
    • c
    • Rodzaj dokumentu
    • Książka
100 -Hasło główne - nazwa osobowa [1, ]
    • a
    • Nazwa osobowa (NP)
    • Kowalska, Anna
    • d
    • Daty biograficzne (NP)
    • (1977- ).
    • 9
    • KHW
    • 53257
245 -Strefa tytułu i oznaczenia odpowiedzialności [1,0]
    • a
    • Tytuł
    • Kompleksy roślinności i krajobrazy roślinne doliny środkowej Wisły / Find
    • c
    • Pozostałe elementy strefy tytułu i oznaczenia odpowiedzialności (NP)
    • Anna Kowalska.
246 -Wariant tytułu [1,5]
    • a
    • Tytuł (NP)
    • Vegetation complexes and landscapes of the middle Vistula river valley
260 -Strefa adresu wydawniczego [ , ]
    • a
    • Miejsce wydania (P)
    • Warszawa :
    • b
    • Nazwa wydawcy (P)
    • Instytut Geografii i Przestrzennego Zagospodarowania PAN im. Stanisława Leszczyckiego,
    • c
    • Data wydania (P)
    • 2012.
300 -Strefa opisu fizycznego [ , ]
    • a
    • Określenie formy książki i/lub objętość (NP)
    • 109 s., [10] s. tabl. :
    • b
    • Oznaczenie ilustracji (NP)
    • il. (gł. kolor.) ;
    • c
    • Format (NP)
    • 24 cm +
    • e
    • Oznaczenie dokumentu towarzyszącego (NP)
    • 1 dysk optyczny (CD-ROM).
336 -Typ zawartości [ , ]
    • a
    • Termin opisujący typ zawartości
    • Tekst
    • b
    • Kod określający zawartość
    • txt
    • 2
    • Źródło (terminu i kodu)
    • rdacontent
337 -Typ mediów [ , ]
    • a
    • Tryb odtwarzania
    • Bez urządzenia pośredniczącego
    • b
    • Kod typu mediów
    • n
    • 2
    • Źródło (terminu i kodu)
    • rdamedia
338 -Typ/rodzaj nośnika [ , ]
    • a
    • Hasło opisujące typ nośnika
    • Wolumin
    • b
    • Kod typu nośnika
    • nc
    • 2
    • Źródło (terminu i kodu)
    • rdacarrier
490 -Strefa serii i książki wielotomowej - forma nie do wyszukiwania [1, ]
    • a
    • Tytuł (P)
    • Prace Geograficzne = Find
    • a
    • Tytuł (P)
    • Geographical Studies / Polska Akademia Nauk. Instytut Geografii i Przestrzennego Zagospodarowania im. Stanisława Leszczyckiego, Find
    • x
    • ISSN (NP)
    • 0373-6547 ;
    • v
    • Numeracja (P)
    • nr 232
830 -Hasło dodatkowe serii i opisu książki wielotomowej - tytuł ujednolicony/tytuł [ ,0]
    • a
    • Tytuł ujednolicony/tytuł (NP)
    • Prace Geograficzne - Polska Akademia Nauk
    • x
    • ISSN
    • 0373-6547
    • v
    • Oznaczenie tomu (NP)
    • nr 232
    • 9
    • KHW
    • 15998
500 -Uwaga ogólna [ , ]
    • a
    • Uwaga ogólna (NP)
    • Dok. towarzyszący: Załączniki.
504 -Uwaga dot. bibliogr. załącznikowej [ , ]
    • a
    • Uwaga dot. bibliografii załącznikowej
    • Bibliogr. s. 97-104.
530 -Uwaga dot. innej postaci fizycznej dokumentu [ , ]
    • a
    • Uwaga dot. innej postaci fizycznej dokumentu
    • Dostępne również w formie elektronicznej.
546 -Uwaga dot. języka [ , ]
    • a
    • Uwaga dot. języka
    • Streszcz. ang.
080 -Uniwersalna Klasyfikacja Dziesiętna [ , ]
    • 2
    • Identyfikator wydania tablic
    • UDC-P058
    • 9
    • UKD
    • 4413
    • a
    • Symbol klasyfikacji
    • 581.9
    • b
    • Dopowiedzenie
    • Geografia roślin. Flora.
    • 4
    • UKD2
    • 7642
    • x
    • Poddział wspólny
    • (438)
    • c
    • Dopowiedzenie poddz. wspólnego
    • (Polska).
650 -Hasło przedmiotowe [ ,7]
    • a
    • Hasło przedmiotowe
    • Zbiorowiska roślinne
    • x
    • Określnik rzeczowy
    • rozmieszczenie geograficzne
    • z
    • Określnik geograficzny
    • Polska
    • z
    • Określnik geograficzny
    • Wisły Środkowej, Dolina
    • v
    • Określnik formalny
    • mapy.
    • 2
    • Źródło terminu
    • kaba
    • 9
    • KHW
    • 373098
650 -Hasło przedmiotowe [ ,7]
    • a
    • Hasło przedmiotowe
    • Zbiorowiska roślinne
    • z
    • Określnik geograficzny
    • Polska
    • z
    • Określnik geograficzny
    • Wisły Środkowej, Dolina
    • v
    • Określnik formalny
    • klasyfikacja.
    • 2
    • Źródło terminu
    • kaba
    • 9
    • KHW
    • 373099
650 -Hasło przedmiotowe [ ,7]
    • a
    • Hasło przedmiotowe
    • Krajobraz
    • z
    • Określnik geograficzny
    • Polska
    • z
    • Określnik geograficzny
    • Wisły Środkowej, Dolina
    • v
    • Określnik formalny
    • klasyfikacja.
    • 2
    • Źródło terminu
    • kaba
    • 9
    • KHW
    • 373101
650 -Hasło przedmiotowe [ ,7]
    • a
    • Hasło przedmiotowe
    • Ekologia krajobrazu
    • z
    • Określnik geograficzny
    • Polska
    • z
    • Określnik geograficzny
    • Wisły Środkowej, Dolina.
    • 2
    • Źródło terminu
    • kaba
    • 9
    • KHW
    • 373100
651 -Hasło przedmiotowe w formie nazwy geograficznej [ ,7]
    • a
    • Nazwa geograficzna
    • Wisły Środkowej, Dolina (Polska)
    • v
    • Określnik formalny
    • mapy.
    • 2
    • Źródło terminu
    • kaba
    • 9
    • KHW
    • 373102
980 -Symbol UKD [ , ]
    • a
    • UKD
    • 581.9(438)
710 -Hasło dodatkowe - nazwa ciała zbiorowego [2, ]
    • a
    • Nazwa ciała zbiorowego lub nazwa geograficzna jako pierwszy element (NP)
    • Polska Akademia Nauk.
    • b
    • Nazwa jednostki podrzędnej (P)
    • Instytut Geografii i Przestrzennego Zagospodarowania im. Stanisława Leszczyckiego.
    • 4
    • Kod relacji
    • pbl
    • 9
    • KHW
    • 21762
856 -Dostęp do wersji elektronicznej [4,1]
920 -ISBN [ , ]
    • a
    • ISBN
    • 978-83-61590-23-1 Find
Numer inwentarzowy Status udost. Data inwentaryzacji Lokalizacja
Z.11690912013-04-04BG